Understanding weather and climate /

This book is divided into six parts: Energy and Mass; Water in the Atmosphere; Distribution and movement of Air; Disturbances; Human activities; and Current, Past, and Future climates.

Enregistré dans:
Détails bibliographiques
Auteur principal: Johnson, Christine.
Autres auteurs: Burt, James E.
Format: Livre
Langue:English
Publié: Upper Saddle River, NJ : Prentice Hall, 2001.
Édition:2nd ed.
Sujets:
Tags: Ajouter un tag
Pas de tags, Soyez le premier à ajouter un tag!
Thư viện lưu trữ: Mạng thư viện Đại học Đà Nẵng
LEADER 01176cam a2200397 i 4500
001 000049109
003 8838
005 20051111142453.0
008 010323b2001 vm 000 eng
020 |a 0130273945 
040 |a IRC  |c IRC  |d IRC 
041 0 |a eng 
082 1 4 |a 551.5  |b AG-E 
100 1 |a Johnson, Christine. 
245 0 0 |a Understanding weather and climate /  |c Edward Aguado, James E. Burt. 
250 |a 2nd ed. 
260 |a Upper Saddle River, NJ :  |b Prentice Hall,  |c 2001. 
300 |a 505 p. ;  |c 27.5cm. 
520 3 |a This book is divided into six parts: Energy and Mass; Water in the Atmosphere; Distribution and movement of Air; Disturbances; Human activities; and Current, Past, and Future climates. 
630 0 4 |a Atmospheric physics. 
630 0 4 |a Weather. 
630 0 4 |a Climatology. 
650 0 4 |a Atmospheric physics. 
650 0 4 |a Weather. 
650 0 4 |a Climatology. 
700 1 |a Burt, James E. 
OWN |a DUT 
999 |a From the UDN01 
TYP |a Monograph 
TYP |a Printed language 
980 |a Mạng thư viện Đại học Đà Nẵng